Мифопоэтический хронотоп в цикле рассказов И. А. Бунина "Темные аллеи"; Актуальные проблемы лингвистики, литературоведения и журналистики; Ч. 1: Лингвистика и литературоведение

Dades bibliogràfiques
Parent link:Актуальные проблемы лингвистики, литературоведения и журналистики: Материалы научно-методической конференции молодых ученых, 11-12 апреля 2003 г., Томск/ Томский государственный университет.— , 2003-
Ч. 1: Лингвистика и литературоведение.— 2003.— С. 141-143
Autor principal: Огнёва Н. С.
Altres autors: Масолова Е. А. (научный руководитель)
Idioma:rus
Publicat: 2003
Format: MixedMaterials Capítol de llibre
KOHA link:https://koha.lib.tpu.ru/cgi-bin/koha/opac-detail.pl?biblionumber=318978

MARC

LEADER 00000naa2a2200000 4500
001 318978
005 20231101020626.0
035 |a (RuTPU)RU\TPU\book\344483 
035 |a RU\TPU\book\343743 
090 |a 318978 
100 |a 20160516d2003 k y0rusy50 ca 
101 0 |a rus 
102 |a RU 
200 1 |a Мифопоэтический хронотоп в цикле рассказов И. А. Бунина "Темные аллеи"  |f Н. С. Огнёва  |g науч. рук. Е. А. Масолова 
461 1 |0 (RuTPU)RU\TPU\book\74229  |t Актуальные проблемы лингвистики, литературоведения и журналистики  |o Материалы научно-методической конференции молодых ученых, 11-12 апреля 2003 г., Томск  |f Томский государственный университет  |d 2003- 
463 0 |0 (RuTPU)RU\TPU\book\73662  |t Ч. 1: Лингвистика и литературоведение  |v С. 141-143  |d 2003  |p 298 с. 
700 1 |a Огнёва  |b Н. С. 
702 1 |a Масолова  |b Е. А.  |4 727 
801 1 |a RU  |b 63413507  |c 20081015  |g PSBO 
801 2 |a RU  |b 63413507  |c 20160516  |g RCR 
942 |c BK